<?xml version="1.0" encoding="UTF-8"?>
<marc:record xmlns:marc="http://www.loc.gov/MARC21/slim">
   <marc:leader>00000nam a2200000 a 4500</marc:leader>
   <marc:datafield ind1="1" ind2=" " tag="100">
      <marc:subfield code="a">Otzen, Hans</marc:subfield>
      <marc:subfield code="4">aut</marc:subfield>
      <marc:subfield code="e">Verfasser/-in</marc:subfield>
   </marc:datafield>
   <marc:datafield ind1="1" ind2=" " tag="100">
      <marc:subfield code="a">Otzen, Barbara</marc:subfield>
      <marc:subfield code="4">aut</marc:subfield>
      <marc:subfield code="e">Verfasser/-in</marc:subfield>
   </marc:datafield>
   <marc:datafield ind1=" " ind2=" " tag="653">
      <marc:subfield code="a">Individualreisende</marc:subfield>
   </marc:datafield>
   <marc:datafield ind1=" " ind2=" " tag="653">
      <marc:subfield code="a">Frankreich</marc:subfield>
   </marc:datafield>
   <marc:datafield ind1=" " ind2=" " tag="653">
      <marc:subfield code="a">Nordfrankreich</marc:subfield>
   </marc:datafield>
   <marc:datafield ind1=" " ind2=" " tag="653">
      <marc:subfield code="a">Norden</marc:subfield>
   </marc:datafield>
   <marc:datafield ind1=" " ind2=" " tag="653">
      <marc:subfield code="a">Le Havre</marc:subfield>
   </marc:datafield>
   <marc:datafield ind1=" " ind2=" " tag="653">
      <marc:subfield code="a">Rouen</marc:subfield>
   </marc:datafield>
   <marc:datafield ind1=" " ind2=" " tag="653">
      <marc:subfield code="a">Ärmelkanal</marc:subfield>
   </marc:datafield>
   <marc:datafield ind1=" " ind2=" " tag="653">
      <marc:subfield code="a">Französisch</marc:subfield>
   </marc:datafield>
   <marc:datafield ind1=" " ind2=" " tag="653">
      <marc:subfield code="a">Calvados</marc:subfield>
   </marc:datafield>
   <marc:datafield ind1=" " ind2=" " tag="653">
      <marc:subfield code="a">2022</marc:subfield>
   </marc:datafield>
   <marc:datafield ind1=" " ind2=" " tag="653">
      <marc:subfield code="a">Softcover / Reisen/Reiseführer/Europa</marc:subfield>
   </marc:datafield>
   <marc:datafield ind1="0" ind2="0" tag="245">
      <marc:subfield code="a">Reise Know-How Reiseführer Normandie</marc:subfield>
   </marc:datafield>
   <marc:datafield ind1="0" ind2="0" tag="245">
      <marc:subfield code="c">Hans Otzen, Barbara Otzen</marc:subfield>
   </marc:datafield>
   <marc:datafield ind1=" " ind2="1" tag="264">
      <marc:subfield code="a">Bielefeld</marc:subfield>
      <marc:subfield code="b">Reise Know-How</marc:subfield>
      <marc:subfield code="c">2022</marc:subfield>
   </marc:datafield>
   <marc:datafield ind1="1" ind2=" " tag="490">
      <marc:subfield code="a">Reiseführer</marc:subfield>
   </marc:datafield>
   <marc:datafield ind1=" " ind2=" " tag="250">
      <marc:subfield code="a">8., neu bearbeitete und aktualisierte Auflage</marc:subfield>
   </marc:datafield>
   <marc:datafield ind1="1" ind2=" " tag="520">
      <marc:subfield code="a">Angaben aus der Verlagsmeldung

Reise Know-How Reiseführer Normandie / von Hans Otzen, Barbara Otzen

Beeindruckende Landschaften, geschichtsträchtige Monumente, reizvolle Ortschaften und prachtvolle Schlösser – die Normandie ist ein vielfältiges Urlaubsziel. Neben historischen Orten wie dem Haus und Garten des Künstlers Claude Monet oder der Abtei auf dem Mont St. Michel bietet auch die Natur wunderschöne Flecken: die weißen Kreidefelsen von Étretat oder die Strände an der Côte Fleurie, welche zu den schönsten Frankreichs gehören. Die Kathedrale von Rouen, an der man alle gotischen Baustile nachvollziehen kann, das Château du Breuil aus dem 17. Jahrhundert oder Beuvron-en-Auge, das als eines der schönsten Dörfer des Pays d’Auge gilt, sind sehenswerte Ausflugsziele ebenso wie die Hafenstadt Honfleur mit seinen Cafés, die einen wundervollen Blick aufs Meer erlauben. Die breiten Strände und Gewässer der Normandie bieten zudem ein ideales Terrain für sportliche Aktivitäten wie Surfen oder Strandsegeln.

Jedes Kapitel des Reiseführers beginnt mit einer Doppelseite, auf der die Inhalte mit einer Übersichtskarte der Region, Highlights und Seitenverweisen vorgestellt werden. Farblich auf die Kapitel abgestimmte Seitenzahlkästchen erleichtern die Orientierung im Buch. Natürlich enthält der Reiseführer die bewährten und praktischen Tipps zu Reisefragen von A-Z. Tipps für Aktivitäten sowie die besonderen Empfehlungen der Autoren ermöglichen eine gute Reiseplanung. 34 Stadtpläne und Karten, ein ausführliches Register sowie ein Glossar und eine kleine Sprachhilfe Französisch sorgen für ein schnelles Zurechtfinden unterwegs.
</marc:subfield>
   </marc:datafield>
   <marc:datafield ind1=" " ind2=" " tag="020">
      <marc:subfield code="a">9783831734887</marc:subfield>
      <marc:subfield code="9">9783831734887</marc:subfield>
   </marc:datafield>
   <marc:datafield ind1=" " ind2=" " tag="020">
      <marc:subfield code="a">3831734887</marc:subfield>
      <marc:subfield code="9">3831734887</marc:subfield>
   </marc:datafield>
   <marc:datafield ind1=" " ind2=" " tag="041">
      <marc:subfield code="a">ger</marc:subfield>
   </marc:datafield>
   <marc:datafield ind1=" " ind2=" " tag="300">
      <marc:subfield code="a">612 Seiten</marc:subfield>
   </marc:datafield>
</marc:record>
